| 000 | 00636nam a2200217Ia 4500 | ||
|---|---|---|---|
| 005 | 20241129111109.0 | ||
| 008 | 241129s9999||||xx |||||||||||||| ||und|| | ||
| 020 | _a978-1-0718-5166-1 | ||
| 037 | _aTB | ||
| 040 |
_aCRL _beng _cCRL |
||
| 041 |
_aeng _2eng |
||
| 084 |
_aƩ:f R2 _qCRL |
||
| 100 |
_aMiller Jane E. Au. _9726292 |
||
| 245 | 0 |
_aMaking sense of numbers: quantitative reasoning for social research _cMiller Jane E. Au. |
|
| 260 |
_aLos Angeles, USA _bSage _c2022 |
||
| 300 | _axxxvi,569p. | ||
| 365 |
_aUSD _b85 |
||
| 650 | _aSocial ScienceResearch Method | ||
| 942 |
_cTB _hƩ:f R2 |
||
| 999 |
_c1228913 _d1228913 |
||